| 000 | 00691cam a22002413a 4500 | ||
|---|---|---|---|
| 001 | 20096 | ||
| 003 | PGUSA | ||
| 005 | 20140828083427.0 | ||
| 008 | 061212s2006||||xxu|||||s|||||000 | eng d | ||
| 040 |
_aPGUSA _beng |
||
| 042 | _adc | ||
| 050 | 4 | _aGR | |
| 100 | 1 | _aOwen, Elias | |
| 245 | 1 | 0 |
_aWelsh Folk-Lore : _ba Collection of the Folk-Tales and Legends of North Wales _h[electronic resource] / _cElias Owen |
| 260 |
_bProject Gutenberg, _c2006 |
||
| 506 | _aPublic domain in the USA. | ||
| 516 | _aElectronic text | ||
| 653 | _aTales -- Wales | ||
| 653 | _aLegends -- Wales | ||
| 830 | 0 |
_aProject Gutenberg _v20096 |
|
| 856 | 4 | 0 | _uhttp://www.gutenberg.org/ebooks/20096 |
| 942 | _cEB | ||
| 999 |
_c249351 _d249351 |
||